| 000 | 01311naa a22003257a 4500 | ||
|---|---|---|---|
| 001 | BR8405273 | ||
| 003 | BR-BrBNA | ||
| 005 | 20250721154450.0 | ||
| 007 | ta | ||
| 008 | 250630b bl.|||m| |||| 00| 0 por d | ||
| 040 |
_aBR-BrBNA _bpor _cBiblioteca Nacional de Agricultura |
||
| 041 | _a(Pt) | ||
| 072 |
_aF04; F01 _b0180 |
||
| 090 | _aF04 BR8405273 | ||
| 100 | 1 | _aNakayama, L.H.I. | |
| 100 | 1 | _aMesquita, A.N. de | |
| 100 | 1 | _aBoldt, A.F. | |
| 100 | 1 | _aFabricio, A.C. | |
| 111 | 1 |
_a10. Reuniao da Comissao Norte Brasileira de Pesquisa de Trigo _cCampinas, SP (Brazil) _d9-13 Jan 1984 |
|
| 245 | 1 | _aEfeito de doses de nitrogenio sobre o rendimento de graos e outras caracteristicas agronomicas em trigo irrigado por aspersao | |
| 500 | _aResultados de pesquisa com trigo obtidos pela UEPAE Dourados em 1983 Dourados, MS (Brasil): 1984. p. 192-201 (BR8405273-AMS) | ||
| 773 | 0 |
_tResultados de pesquisa com trigo obtidos pela UEPAE Dourados em 1983 _wF04 BR8405273 _gDourados, MS (Brasil), 1984. p. 192-201 |
|
| 650 | _aTRIGO | ||
| 650 | _aADUBACAO | ||
| 650 | _aFERTILIZANTE NITROGENADO | ||
| 650 | _aCULTURA IRRIGADA | ||
| 490 |
_aDocumentos - Unidade de Execucao de Pesquisa de Ambito Estadual de Dourados (Brazil) _vno. 6 |
||
| 942 |
_cAMS _2AGRIS |
||
| 909 |
_a202506 _bLúcia _c55 _dLúcia Elande |
||
| 999 |
_c334962 _d334962 |
||